| 000 | 00741nam a22002297a 4500 | ||
|---|---|---|---|
| 999 |
_c2526 _d2526 |
||
| 003 | AR-CdUCM | ||
| 008 | 190304b ||||| |||| 00| 0 spa d | ||
| 040 |
_aMUNICIPALIDAD PROVINCIAL DEL CUSCO _cBIBLIOTECA MUNICIPAL DEL CUSCO |
||
| 041 | _heng | ||
| 082 |
_a370.970 / _bJ67 |
||
| 100 |
_aJohnson, Gerald W _96378 |
||
| 245 | _aLa Presidencia / | ||
| 260 |
_aBuenos Aires : _bIndice, _c1962. |
||
| 300 |
_a157 paginas ; _bIlustraciones, _c17cm. |
||
| 505 | _aContenido -- Que hace el presidente -- Cómo cambio la presidencia -- Los presidentes fuertes | ||
| 650 |
_aPresidentes _91678 |
||
| 650 |
_aLiteratura _983 |
||
| 650 |
_aCentro America _98960 |
||
| 700 |
_aEverett Fisher, Leonard _98961 |
||
| 942 |
_2ddc _cLIBROS |
||
| 945 | _apjha | ||